Croissants vs. Bagels Strategic, Effective, and Inclusive Networking at Conferences
Salvato in:
| Autore principale: | |
|---|---|
| Natura: | Libro |
| Lingua: | inglese |
| Pubblicazione: |
Jacksonville
Movement Publishing
2017
|
| Soggetti: | |
| Tags: |
Nessun Tag, puoi essere il primo ad aggiungerne!!
|
MARC
| LEADER | 00000nam a2200000 4500 | ||
|---|---|---|---|
| 001 | 0247412 | ||
| 005 | 20240221120014.6 | ||
| 020 | |a 9781513623849 | ||
| 020 | |a 9781513623856 | ||
| 041 | 0 | |a eng | |
| 044 | |a US | ||
| 245 | 1 | 0 | |a Croissants vs. Bagels |b Strategic, Effective, and Inclusive Networking at Conferences |c Robbie Samuels |
| 264 | 1 | |a Jacksonville |b Movement Publishing |c 2017 | |
| 300 | |a 195 s. | ||
| 610 | 2 | 0 | |a správanie |
| 610 | 2 | 0 | |a komunikácia sociálna |
| 610 | 2 | 0 | |a komunikácia verbálna |
| 610 | 2 | 0 | |a komunikácia neverbálna |
| 610 | 2 | 0 | |a postoje |
| 610 | 2 | 0 | |a prejavy |
| 610 | 2 | 0 | |a konferencie |
| 610 | 2 | 0 | |a event marketing |
| 610 | 2 | 0 | |a konverzácia |
| 610 | 2 | 0 | |a spoločnosť |
| 610 | 2 | 0 | |a prezentácia |
| 610 | 2 | 0 | |a poradenstvo |
| 610 | 2 | 0 | |a psychológia |
| 610 | 2 | 0 | |a osobnosť |
| 100 | 1 | |a Samuels, Robbie | |